Представление документа в формате RUSMARC

ПолеНазваниеЗначение
  Тип записи a
  Библиографический уровень a
001 Контрольный номер RU/CBS_UL/BASE/98687b8fd7a34b67bb6eb881233d9425
005 Дата корректировки 20260311155030.9
100 Данные общей обработки __
a Данные общей обработки 20260311 ||| 0rusy0189 ca
101 Язык документа 0_
a Язык текста rus
102 Страна публикации __
a Страна публикации RU
200 Заглавие и сведения об ответственности 1_
a Заглавие Русские народные заклички
e Сведения, относящиеся к заглавию [весенние заклички, про Масленицу]
300 Общие примечания __
a Общие примечания 6+
461 Уровень набора _0
1 2000
a Детское чтение для сердца и разума
463 Уровень физической единицы _0
1 2000
a № 2
v С. 32-33
1 2101
d 2026
1 001RU/CBS_UL/BASE/7b61471132644b748b711522582c46ee
606 Тематические рубрики 0_
a Основная рубрика Детская литература - Фольклор
610 Ключевые слова 0_
a Ключевые слова детская литература; русская литература; русский фольклор; фольклор; народные заклички; заклички весны; заклички; весенние заклички; масленица
686 Индексы других классификаций __
a Классификационный индекс 82.3(2Рос)
801 Источник записи _0
a Страна RU
b Организация МБУК ЦБС г. Ульяновска
c Дата составления 20260311
g Правила каталогизации RCR
801 Источник записи _1
a Страна RU
b Организация МБУК ЦБС г. Ульяновска
c Дата составления 20260311
g Правила каталогизации RCR
901 Тип документа __
t Тип документа b
w Контрольный № источника RU/CBS_UL/BASE/7b61471132644b748b711522582c46ee
909 Создатель записи __
a Создатель записи mbo